The history of Pendennis. His fortunes and misfortunes. His friends and his greatest enemy. With an introduction by Edmund Gosse
Uloženo v:
| Hlavní autor: | |
|---|---|
| Médium: | Kniha |
| Jazyk: | angličtina |
| Vydáno: |
Londres
Oxford U Press
1907
|
| Vydání: | 2a. ed |
| Edice: | World's Classics, 91 y 92
|
| Témata: | |
| Tagy: |
Přidat tag
Žádné tagy, Buďte první, kdo vytvoří štítek k tomuto záznamu!
|
MARC
| LEADER | 00000nam a2200000 a 4500 | ||
|---|---|---|---|
| 001 | UCJ7972 | ||
| 003 | CL-VaPUC | ||
| 008 | 070124e19070000UK |||||||||||||||||eng|d | ||
| 082 | 0 | 4 | |a 823 |b THA |2 21 |
| 100 | 0 | |a Thackeray, William Makepeace |e author |9 516552 | |
| 245 | 1 | 4 | |a The history of Pendennis. His fortunes and misfortunes. His friends and his greatest enemy. With an introduction by Edmund Gosse |
| 250 | |a 2a. ed | ||
| 300 | |a 2 v | ||
| 942 | |c BK | ||
| 945 | |d 20070124 00:00:00 |a rinostro | ||
| 260 | |a Londres |b Oxford U Press |c 1907 | ||
| 500 | |a Nacido en Calcuta en 1811; fallecido en Londres en 1863 | ||
| 650 | 7 | |a NOVELA INGLESA |2 CL-VaPUC |9 309260 | |
| 650 | 7 | |a NOVELA INGLESA - CRITICA |2 CL-VaPUC |9 516553 | |
| 650 | 7 | |a SATIRA SOCIAL |2 CL-VaPUC |9 516554 | |
| 583 | |a last modification |c 20070124 00:00:00 |k Rodrigo Vera | ||
| 490 | 0 | |a World's Classics, 91 y 92 | |
| 999 | |c 323832 |d 323830 | ||
| 952 | |0 0 |1 0 |4 0 |6 823_000000000000000_THA_1907 |7 0 |8 X |9 403652 |a FDOBUD |b FDOBUD |d 2019-11-22 |h v.1 |i 1071009 |o 823 THA 1907 |p 1071009 |r 2019-11-22 |w 2019-11-22 |y BK_X |k BUD | ||
| 952 | |0 0 |1 0 |4 0 |6 823_000000000000000_THA_1907 |7 0 |8 X |9 403653 |a FDOBUD |b FDOBUD |d 2019-11-22 |h v.2 |i 1071017 |o 823 THA 1907 |p 1071017 |r 2019-11-22 |w 2019-11-22 |y BK_X |k BUD | ||